000 01649nam0a22003491 4500
001 rc\825924
005 20250622004632.0
035 _a(NLR Aleph) 006008254
090 _a7301099
_c7301099
100 _a20041129d1984 |||y0rusy50 ca
101 0 _arus
102 _aRU
105 _aa |||||||||
200 1 _aВесенняя гроза
_eСтихи рус. поэтов о природе
_f[Худож. А. Белюкин]
210 _aМ.
_cМалыш
_d1984
215 _a18 с.
_cцв. ил.
225 1 _aБиблиотека детского сада
_iСтаршая группа
327 0 _aАвт.: Ф. Тютчев, А. Блок, В. Жуковский, А. Пушкин, А. Фет, А. Плещеев, И. Бунин, А.К. Толстой
464 0 _1700#1$aТютчев$bФ.
_aТютчев, Ф.
464 0 _1700#1$aБлок$bА.
_aБлок, А.
464 0 _1700#1$aЖуковский$bВ. А.$cпоэт$f1783-1852$gВасилий Андреевич$3RU\NLR\AUTH\775529
_aЖуковский, Василий Андреевич (поэт ; 1783-1852)
464 0 _1700#1$aПушкин$bА. С.$cпоэт$f1799-1837$gАлександр Сергеевич$3RU\NLR\AUTH\77386
_aПушкин, Александр Сергеевич (поэт ; 1799-1837)
464 0 _1700#1$aФет$bА.
_aФет, А.
464 0 _1700#1$aПлещеев$bА.
_aПлещеев, А.
464 0 _1700#1$aБунин$bИ.
_aБунин, И.
464 0 _1700#1$aТолстой$bА.К.
_aТолстой, А.К.
801 0 _aRU
_bNLR
_gpsbo
801 1 _aRU
_bELAR
_2rusmarc
852 _aNLR
_j84-8/989
942 _cBOOK
980 _aNB